Disneyland Resort Attractions Quiz Stats

 Plays Quiz not verified by Sporcle

Challenge
Share
Tweet
Embed
Score 0/58 Timer 06:00
0 Plays Today
Park Answer % Correct
Disneyland- Critter CountrySplash Mountain
95.7%
Disneyland- AdventurelandJungle Cruise
94.8%
Disneyland- New Orleans SquarePirates of the Caribbean
94.8%
Disneyland- New Orleans SquareHaunted Mansion
93.9%
Disneyland- FrontierlandBig Thunder Mountain Railroad
91.3%
Disneyland- TomorrowlandSpace Mountain
90.4%
Disneyland- FantasylandSnow White's Scary Adventures
89.6%
Disneyland- FantasylandMatterhorn Bobsleds
89.6%
Disneyland- AdventurelandIndiana Jones Adventure
88.7%
Disneyland- Critter CountryThe Many Adventures of Winnie the Pooh
88.7%
Disneyland- FantasylandPeter Pan's Flight
88.7%
Disneyland- FantasylandPinocchio's Daring Journey
88.7%
Disneyland- FantasylandAlice in Wonderland
88.7%
DisneylandRailroad
88.7%
Disneyland- FantasylandMr. Toad's Wild Ride
87.8%
Disneyland- AdventurelandEnchanted Tiki Room
87%
Disneyland- Mickey's ToontownGadget's Go Coaster
87%
Disneyland- FantasylandMad Tea Party
87%
Disneyland- AdventurelandTarzan's Treehouse
86.1%
Disneyland- FantasylandStorybook Land Canal Boats
86.1%
Disneyland- TomorrowlandAutopia
86.1%
Disneyland- Mickey's ToontownRoger Rabbit's Car Toon Spin
85.2%
Disneyland- TomorrowlandAstro Orbiter
85.2%
Disneyland- FantasylandIt's a Small World
84.3%
Disneyland- FantasylandDumbo the Flying Elephant
84.3%
Disneyland- TomorrowlandBuzz Lightyear Astro Blasters
84.3%
California Adventure- Cars LandRadiator Springs Racers
83.5%
California Adventure- Paradise PierCalifornia Screamin'
83.5%
Disneyland- TomorrowlandFinding Nemo Submarine Voyage
82.6%
Park Answer % Correct
Disneyland- FrontierlandMark Twain Riverboat
81.7%
Disneyland- TomorrowlandStar Tours- The Adventure Continues
81.7%
California Adventure- Grizzly PeakGrizzly River Run
81.7%
Disneyland- FantasylandCasey Jr. Circus Train
80.9%
California Adventure- A Bug's LandHeimlich's Chew Chew Train
80%
Disneyland- FrontierlandSailing Ship Columbia
78.3%
California Adventure- Grizzly PeakSoarin' Around the World
78.3%
California Adventure- A Bug's LandFlik's Flyers
77.4%
California Adventure- Hollywood LandGuardian's of the Galaxy- Mission: Breakout!
77.4%
California Adventure- Paradise PierGoofy's Sky School
77.4%
California Adventure- Hollywood LandMonster's, Inc. Mike & Sulley to the Rescue!
75.7%
California Adventure- Paradise PierToy Story Midway Mania!
75.7%
California Adventure- Paradise PierGolden Zephyr
74.8%
California Adventure- Paradise PierSilly Symphony Swings
74.8%
California Adventure- Paradise PierMickey's Fun Wheel
73.9%
Disneyland- FantasylandKing Arthur Carousel
73%
California Adventure- Cars LandMater's Junkyard Jamboree
73%
Disneyland- Critter CountryDavy Crockett Explorer Canoes
72.2%
California Adventure- Paradise PierThe Little Mermaid- Ariel's Undersea Adventure
72.2%
Disneyland- TomorrowlandStar Wars Launch Bay
71.3%
Disneyland- FantasylandSleeping Beauty Castle Walkthrough
70.4%
California Adventure- Paradise PierJumpin' Jellyfish
70.4%
Disneyland- Mickey's ToontownChip 'n Dale's Treehouse
69.6%
California Adventure- A Bug's LandFrancis' Ladybug Boogie
68.7%
California Adventure- Grizzly PeakRedwood Creek Challenge Trail
68.7%
California Adventure- A Bug's LandTuck and Roll's Drive em Buggies
67.8%
California Adventure- Hollywood LandTurtle Talk with Crush
67%
California Adventure- Paradise PierKing Triton's Carousel
67%
California Adventure- Cars LandLuigi's Rolickin' Roadsters
65.2%

You're not logged in!

Compare scores with friends on all Sporcle quizzes.
Join for Free
OR
Log In

You Might Also Like...

Show Comments

Extras

Created May 29, 2017ReportNominate
Tags:attraction, disneyland, park, resort

Top Quizzes Today


Score Distribution

Your Account Isn't Verified!

In order to create a playlist on Sporcle, you need to verify the email address you used during registration. Go to your Sporcle Settings to finish the process.

Report this User

Report this user for behavior that violates our Community Guidelines.

Details: